Ekonomické možnosti využitia štrukturálnych fondov EU na rozvoj mesta Trebišov diplomová práca

Gespeichert in:
Bibliographische Detailangaben
1. Verfasser: Rešetár, Peter
Körperschaft: Podnikovohospodárska fakulta EU so sídlom v Košiciach. Katedra ekonómie
Weitere Verfasser: Stričík, Michal, 1969-
Format: Buch
Sprache:Slowakisch
Veröffentlicht: Košice 2017
Tags: Tag hinzufügen
Keine Tags, Fügen Sie das erste Tag hinzu!

MARC

LEADER 00000nbm a2200000 4500
001 0231672
005 20240827092204.8
041 0 |a slo 
044 |a SK 
245 1 0 |a Ekonomické možnosti využitia štrukturálnych fondov EU na rozvoj mesta Trebišov  |b diplomová práca  |c Peter Rešetár ; školiteľ: Michal Stričík 
264 1 |a Košice  |c 2017 
300 |a 75 s. 
100 1 |a Rešetár, Peter 
700 1 |a Stričík, Michal, 1969- 
710 2 |a Podnikovohospodárska fakulta EU so sídlom v Košiciach. Katedra ekonómie